00652nam a2200205Ia 4500001000900000003000500009005001700014008004100031010001100072040000900083082001400092110001200106245016100118260002000279300001000299500000800309650003000317650009200347650000700439dia_1422CHAP20230626110025.0220117s1984 xx 000 0 und d a171963 cCHAP a614.3 F34 aF. A. O aSpecifications for Identity and Purity of Food Additives: Extraction Solvents Anticaking Agents Flovoring Agents Buttering Agents Emulsifiers Enzimes Salts. aRome. FAOc1984 a136 p aC/e a1.Aditivos Alimenticios.  aAlimentos Estandarización y Clasificación. I. Fao. Alimentación y Nutrición 31/ aII